| 000 | 00974cam a22003131 4500 | ||
|---|---|---|---|
| 001 | 77308 | ||
| 003 | BD-RjUL | ||
| 005 | 20211209082945.0 | ||
| 008 | 200312s1958 enkch b 000 0 eng | ||
| 035 | _a(BD-RjUL)77533 | ||
| 035 | _a(OCoLC)304352 | ||
| 040 |
_aDLC _cOYU _dOCoLC _dDLC _beng |
||
| 041 | _aeng | ||
| 042 | _apremarc | ||
| 082 |
_a016.8219 _bWAB 1958 |
||
| 100 | 1 |
_aWade, Allan, _d1881-1955. _9240806 |
|
| 245 | 1 | 2 |
_aA bibliography of the writings of W. B. Yeats./ _cAllan Wade |
| 250 | _a[2d ed., rev.] | ||
| 260 |
_aLondon: _bR. Hart-Davis, _c1958. |
||
| 300 |
_a449 p.; _c23 cm. |
||
| 500 | _aLabel mounted on t.p.: Fair Lawn, N.J., Essential Books. | ||
| 504 | _aIncludes Bibliographical index | ||
| 600 | 1 | 0 |
_aYeats, W. B. _q(William Butler), _d1865-1939 _9240812 |
| 906 |
_a7 _bcbc _coclcrpl _du _encip _f19 _gy-gencatlg |
||
| 942 |
_2ddc _cBK |
||
| 999 |
_c77308 _d77308 |
||